Body and organization

Bibliographic Details
Corporate Author: ProQuest (Firm)
Other Authors: Hassard, John, 1953-, Holliday, Ruth., Willmott, Hugh.
Format: Electronic eBook
Language:English
Published: London ; Thousand Oaks, Calif. : Sage, 2000.
Subjects:
Online Access:Click to View
LEADER 01636nam a2200433 a 4500
001 EBC537745
003 MiAaPQ
005 20200520144314.0
006 m o d |
007 cr cn|||||||||
008 991209s2000 enka sb 001 0 eng
010 |z  99085719  
020 |z 0761959173 
020 |z 0761959181 (pbk.) 
020 |z 9780761959175 
020 |a 9780857026323 (electronic bk.) 
035 |a (MiAaPQ)EBC537745 
035 |a (Au-PeEL)EBL537745 
035 |a (CaPaEBR)ebr10392769 
035 |a (CaONFJC)MIL262316 
035 |a (OCoLC)638860667 
040 |a MiAaPQ  |c MiAaPQ  |d MiAaPQ 
050 4 |a HD31  |b .B585 2000 
245 0 0 |a Body and organization  |h [electronic resource] /  |c edited by John Hassard, Ruth Holliday and Hugh Willmott. 
260 |a London ;  |a Thousand Oaks, Calif. :  |b Sage,  |c 2000. 
300 |a ix, 254 p. :  |b ill. 
500 |a A collection of 12 scholarly papers. 
504 |a Includes bibliographical references and index. 
505 0 |a pt. 1. Functions and flows -- pt. 2. Discourse and representation -- pt. 3. Performance and regulation -- pt. 4. Self and identity. 
533 |a Electronic reproduction. Ann Arbor, MI : ProQuest, 2015. Available via World Wide Web. Access may be limited to ProQuest affiliated libraries. 
650 0 |a Organization. 
650 0 |a Industrial organization. 
650 0 |a Human body. 
655 4 |a Electronic books. 
700 1 |a Hassard, John,  |d 1953- 
700 1 |a Holliday, Ruth. 
700 1 |a Willmott, Hugh. 
710 2 |a ProQuest (Firm) 
856 4 0 |u https://ebookcentral.proquest.com/lib/matrademy/detail.action?docID=537745  |z Click to View